| 000 | 00783nam a2200205Ia 4500 | ||
|---|---|---|---|
| 003 | GCL | ||
| 008 | 140319s9999 xx 000 0 ara d | ||
| 020 | _a2043393977 | ||
| 040 |
_aGCL / _cGCL |
||
| 082 | 0 | 4 |
_a544.92 _bأ أ |
| 100 | 1 | _aاحمد خميس محمد سلامة | |
| 245 | 1 | 0 |
_aاجهزة التحليل الطيفى والكروماتوجرافى : _bSpectroscopic & Chromatographic Insturments / _cاحمد خميس محمد سلامة |
| 260 |
_aالقاهرة : _bمكتبة بستان المعرفة ، _c2005 |
||
| 300 |
_a296 ص ؛ _c24 سم |
||
| 650 | 0 | 4 | _aالتحليل الكيمائى |
| 650 | 0 | 4 | _aالكيمياء التحليلية |
| 650 | 0 | 4 | _aالتحليل الكروماتوجرافى |
| 650 | 0 | 4 | _aالتحليل الطيفى |
| 942 |
_2ddc _cBK |
||
| 999 |
_c9305 _d9305 |
||